Statistics for US states that do not require front license plates

Click here to take the quiz!

General Stats

  • This quiz has been taken 15 times
  • The average score is 14 of 19

Answer Stats

State % Correct
Alabama
92%
North Carolina
92%
Arkansas
83%
Tennessee
83%
Florida
83%
Georgia
83%
Kentucky
83%
Mississippi
75%
South Carolina
75%
Oklahoma
75%
Louisiana
75%
Michigan
67%
New Mexico
67%
Arizona
67%
Kansas
67%
Indiana
67%
Delaware
67%
Pennsylvania
58%
West Virginia
58%

Score Distribution

Percentile by Number Answered

Percent of People with Each Score

Your Score History

You have not taken this quiz